| 000 | 00528nam a22001817a 4500 | ||
|---|---|---|---|
| 003 | CEME | ||
| 005 | 20210628203537.0 | ||
| 008 | 210119b xxu||||| |||| 00| 0 eng d | ||
| 020 | _a81-7758-275-5 | ||
| 040 | _c. | ||
| 082 | _a658.5 MAN | ||
| 100 |
_aAmrine, Harold T, Ritchey, John A, Moodie, Colin L. _966149 |
||
| 245 | _aManufacturing organization and managment | ||
| 260 |
_aINDIA _bPEARSON EDUCATION ASIA _c2016 |
||
| 300 | _aXVI,625P | ||
| 650 |
_aMANUFACTURING ORGANIZATION AND MANAGMENT _966150 |
||
| 942 |
_cBK _2ddc |
||
| 999 |
_c574164 _d574164 |
||